Basic Fluid Mechanics (Record no. 3315)

MARC details
000 -LEADER
fixed length control field 00459nam a2200169Ia 4500
008 - FIXED-LENGTH DATA ELEMENTS--GENERAL INFORMATION
fixed length control field 221030s9999 xx 000 0 und d
020 ## - INTERNATIONAL STANDARD BOOK NUMBER
ISBN 8122411967
041 ## - LANGUAGE CODE
Language code of text/sound track or separate title
082 ## - DEWEY DECIMAL CLASSIFICATION NUMBER
Classification number 105.23
Item number Kot
100 ## - MAIN ENTRY--AUTHOR NAME
Personal name C. P. Kothandaraman
245 #0 - TITLE STATEMENT
Title Basic Fluid Mechanics
Statement of responsibility, etc by C. P. Kothandaraman, R. Rudramoorthy
260 ## - PUBLICATION, DISTRIBUTION, ETC. (IMPRINT)
Name of publisher New Age International Pub.
Place of publication New Delhi
Year of publication 1999
300 ## - PHYSICAL DESCRIPTION
Number of Pages 509
650 ## - SUBJECT ADDED ENTRY--TOPICAL TERM
Topical Term Mechanical
700 ## - ADDED ENTRY--PERSONAL NAME
Personal name R. Rudramoorthy
942 ## - ADDED ENTRY ELEMENTS (KOHA)
Koha item type Books
Holdings
Accession Number Cost, normal purchase price Full call number Price effective from Koha item type Withdrawn / writtenoff status Materials specified (bound volume or other part) Damaged status Not for loan Permanent Location Current Location Shelving location Date acquired Lost/ Missing status department
BE 5520 250.00 105.23 Kot 10/30/2022 Books   Print   Not For Loan MIET Library, Jammu MIET Library, Jammu BL-Second, FL-1, CUP-71, SH-4, R-4 11/08/2005   BE